La esperanza en Dios / (Record no. 138225)

MARC details
000 -LEADER
campo de control de longitud fija 00515nam a2200169 4500
001 - NÚMERO DE CONTROL
campo de control 138225
003 - IDENTIFICADOR DE NÚMERO DE CONTROL
campo de control ES-MaACL
005 - FECHA Y HORA DE LA ÚLTIMA TRANSACCIÓN
campo de control 20230906195527.0
007 - CAMPO FIJO DE DESCRIPCIÓN FÍSICA--INFORMACIÓN GENERAL
campo de control de longitud fija t|
008 - DATOS DE LONGITUD FIJA--INFORMACIÓN GENERAL
campo de control de longitud fija 070214s1968 sp r ||||1| spa d
100 1# - ENTRADA PRINCIPAL--NOMBRE DE PERSONA
Nombre de persona Sánchez-Tejero, Medardo.
9 (RLIN) 102949
245 13 - MENCIÓN DEL TÍTULO
Título La esperanza en Dios /
Mención de responsabilidad, etc. Medardo Sánchez-Tejero.
260 ## - PUBLICACIÓN, DISTRIBUCIÓN, ETC.
Lugar de publicación, distribución, etc. Madrid :
Nombre del editor, distribuidor, etc. Epesa [Ediciones y Publicaciones Españolas],
Fecha de publicación, distribución, etc. 1968.
300 ## - DESCRIPCIÓN FÍSICA
Extensión 116 p. ;
Dimensiones 17 cm.
650 ## - PUNTO DE ACCESO ADICIONAL DE MATERIA--TÉRMINO DE MATERIA
Término de materia o nombre geográfico como elemento de entrada Esperanza-
Subdivisión general Aspectos religiosos.
9 (RLIN) 12498
852 ## - LOCALIZACIÓN
Ubicación ES-MaACL
Número de control de estantería C-34288
Holdings
Estatus retirado Estado de pérdida Estado de daño No para préstamo Biblioteca de origen Biblioteca actual Ubicación en estantería Fecha de adquisición Fuente de adquisición Total de préstamos Signatura topográfica completa Código de barras Visto por última vez Precio de reemplazo Tipo de ítem Koha
        Biblioteca del Ateneo de Madrid Biblioteca del Ateneo de Madrid Depósito 2 17/01/2008     C-34288 1143832 23/02/2023 23/02/2023 Libro impreso